Statistics for Every HUM Song

Click here to take the quiz!

General Stats

  • This quiz has been taken 4 times
  • The average score is 37 of 58

Answer Stats

HintAnswer% Correct
Downward Is HeavenwardApollo
100%
Electra 2000 BONUSDiffuse
100%
Electra 2000Firehead
100%
Downward Is HeavenwardGreen to Me
100%
Hello Kitty / Roar, I'm a TigerHello Kitty
100%
You'd Prefer an AstronautI'd Like Your Hair Long
100%
InletIn the Den
100%
Electra 2000Iron Clad Lou
100%
You'd Prefer an AstronautLittle Dipper
100%
Electra 2000Pewter
100%
Electra 2000Pinch & Roll
100%
Hello Kitty / Roar, I'm a TigerRoar, I'm a Tiger
100%
InletShapeshifter
100%
Electra 2000Shovel
100%
You'd Prefer an AstronautStars
100%
You'd Prefer an AstronautSuicide Machine
100%
Electra 2000Sundress
100%
You'd Prefer an AstronautThe Pod
100%
Downward Is HeavenwardThe Scientists
100%
You'd Prefer an AstronautThe Very Old Man
100%
You'd Prefer an AstronautWhy I Like The Robins
100%
Downward Is HeavenwardAfternoon With the Axolotls
50%
Downward Is Heavenward BONUSAphids
50%
You'd Prefer an Astronaut BONUSBaby, Baby
50%
You'd Prefer an Astronaut BONUSBoy With Stick
50%
InletCloud City
50%
Downward Is HeavenwardComin' Home
50%
InletDesert Rambler
50%
Fillet ShowDetassler
50%
Kissing Me Is Like Kissing An AngelDiamonds
50%
Electra 2000Double Dip
50%
Downward Is HeavenwardDreamboat
50%
InletFolding
50%
Fillet ShowFormaldehyde
50%
Fillet ShowHortense
50%
Downward Is HeavenwardIf You Are to Bloom
50%
You'd Prefer an AstronautI Hate It Too
50%
Downward Is HeavenwardIsle of the Cheetah
50%
Kissing Me Is Like Kissing An AngelKissing Me
50%
Downward Is HeavenwardMs. Lazarus
50%
Fillet ShowPocket
50%
Downward Is Heavenward BONUSPuppets
50%
It's Gonna Be A Midget X-MasSanta Ana Hears
50%
Electra 2000Scraper
50%
You'd Prefer an AstronautSongs of Farewell and Departure
50%
Fillet ShowSpace Fuck
50%
InletStep Into You
50%
Downward Is HeavenwardThe Inuit Promise
50%
InletThe Summoning
50%
Kissing Me Is Like Kissing An AngelTime Is Melting
50%
InletWaves
50%
Electra 2000Winder
50%
Fillet ShowI Like It
0%
Kissing Me Is Like Kissing An AngelJesus Wants You
0%
Fillet ShowKind of Night
0%
Fillet ShowLip Saga
0%
Fillet ShowStaring at the Sun
0%
Kissing Me Is Like Kissing An AngelWill
0%

Score Distribution

Percentile by Number Answered

Percent of People with Each Score

Your Score History

You have not taken this quiz